| 000 | 01258cas a2200253 4500 | ||
|---|---|---|---|
| 001 | L153654 | ||
| 008 | 110815s2010 eng u | ||
| 035 | _a(Sirsi) u153654 | ||
| 041 | 0 | _aeng | |
| 050 | _a333.33 $2 18 | ||
| 110 | 2 |
_aKnight Frank _91530 |
|
| 245 | 0 | 0 |
_aUK market outlook _bcommercial property review _h[electronic resource] |
| 260 |
_aLondon _bKnight Frank _cJuly 2010- |
||
| 362 | 0 | _aJuly 2010- | |
| 490 | 0 |
_aKnight Frank UK Market Outlook Commercial Property Review _vJuly 2010- |
|
| 520 | _aA monthly report which provides a brief update on the key investment, financial and economic indicators relevant to the UK commercial property market, along with expectations for future performance. | ||
| 554 | _aMonthly | ||
| 650 | 2 | 4 | _aKNIGHT FRANK UK MARKET OUTLOOK COMMERCIAL PROPERTY REVIEW |
| 651 | 4 |
_aUnited Kingdom _y |
|
| 690 | _aPROPERTY-COMMERCIAL PROPERTY-COMMERCIAL PROPERTY FINANCE AND INVESTMENT | ||
| 690 | _aPROPERTY-COMMERCIAL PROPERTY-COMMERCIAL PROPERTY MARKET | ||
| 856 | 4 | 0 |
_uhttps://www.knightfrank.com/research/details/market-outlook---commercial-property-review-240.aspx _zView the report free of charge (click on UK and Commercial links on the left hand side of the screen) at www.knightfrank.com |
| 942 | _n0 | ||
| 999 |
_c119350 _d119350 |
||